| 000 | 01364cam a22003857i 4500 | ||
|---|---|---|---|
| 001 | 4241 | ||
| 003 | FISKH | ||
| 005 | 20240708085658.0 | ||
| 008 | 150425s2015 nyua j b 001 0beng | ||
| 010 | _a 2015939754 | ||
| 020 | _a9780448482996 (pbk) | ||
| 040 |
_aDLC _beng _erda _cDLC _dDLC |
||
| 050 | _aBX4406.Z8 | ||
| 082 | _a271.97 | ||
| 100 | 1 | _aGigliotti, Jim, | |
| 245 | 1 | 0 |
_aWho was mother Teresa? / _cBy Jim Gigliotti, illustrated by David Groff. |
| 260 |
_aNew York : _bGrosset & Dunlap, _c2015 |
||
| 300 |
_a105 pages : _billustrations ; _c21 cm. |
||
| 336 |
_atext _btxt _2rdacontent |
||
| 336 |
_atext _btxt _2rdacontent |
||
| 337 |
_aunmediated _bn _2rdamedia |
||
| 337 |
_aunmediated _bn _2rdamedia |
||
| 338 |
_avolume _bnc _2rdacarrier |
||
| 338 |
_avolume _bnc _2rdacarrier |
||
| 490 | 0 | _aWho was--? | |
| 500 | _aMinimal Level Cataloging Plus. | ||
| 504 | _aIncludes bibliographical references (pages 104-105). | ||
| 520 | _aPresents the life of Agnes Gonxha Bojaxhiu, known as Mother Teresa, who spent most of her life serving "the poorest of the poor" in Calcutta, India. | ||
| 600 | 0 | 0 |
_aTeresa, _cMother, Saint, _d1910-1997 _vJuvenile literature. |
| 650 | 0 |
_aNuns _xIndia _vBiography. |
|
| 700 | 1 |
_aGroff, David, _d1956- _eillustrator. |
|
| 906 |
_a7 _bcbc _corignew _d4 _eepcn _f20 _gy-gencatlg |
||
| 942 |
_2ddc _cBK _n0 |
||
| 999 |
_c4241 _d4241 |
||